00254nam a22001097a 4500020001800000082001700018100002100035245002800056260004000084300000800124650001200132 a81-7094-289-6 a294.5921 DAY aDayananda, Swami aIntroduction to Vedanta aDelhibVision Books Pvt. Ltd.c1989 a112 aVedanta